Statistiques concernant 15 principaux pays touchés par Covid-19 - 22 septembre 2021

Cliquez ici pour prendre le quiz!

Statistiques générales

  • Ce quiz a été pris 14 fois
  • Le résultat moyen est 14 sur 26

Statistiques - réponses

pays% Correct
Brésil
100%
France
100%
Russie
100%
Argentine
92%
Etats-Unis
92%
Italie
92%
Royaume-Uni
92%
Allemagne
83%
Espagne
83%
Inde
83%
Mexique
83%
Colombie
58%
Suède
58%
Turquie
58%
Pays-Bas
50%
Uruguay
42%
Indonésie
33%
Iran
33%
Israël
25%
Tchèquie
25%
Estonie
17%
Lituanie
17%
Slovénie
8%
Bahreïn
0%
Géorgie
0%
Panama
0%

Distribution des résultats

Percentile par nombre de réponses

% des personnes avec chaque résultat

Votre développement - résultats

Vous n’avez pas pris ce quiz